00265nam a2200121Ia 45000030006000000080041000060400015000471000016000622450027000782600009001055460012001140050017001260STCL150530s9999 xx 000 0 und d aSTCLcSTCL aPeter Dixon aWorld of popes satires c1968 aEnglish20220125170855.0